| 000 | 00000nam##2200000za#4500 |
| 001 | 9.572621 |
| 003 | CaOODSP |
| 005 | 20220111083117 |
| 007 | cr ||||||||||| |
| 008 | 150406|2001||||xxc|||||o f|0| 0 eng|d |
| 022 | |a1928-6414 |
| 040 | |aCaOODSP|beng |
| 043 | |an-cn--- |
| 086 | 1 |aNE22-1/2001-4E-PDF |
| 110 | 1 |aCanada. |bNational Energy Board. |
| 245 | 10|aDecision and order in the matter of Trans Mountain Pipeline Company Ltd. : |h[electronic resource]|bapplications date 19 December 2000 and 16 February 2001 for approval of incentive toll settlement 2001-2005 and final 2001 tolls |
| 246 | 1 |iVariant title : |aTrans Mountain Pipeline Company Ltd. incentive toll settlement for 2001-2005 : TMPL tolls 2001-2005 |
| 260 | |aCalgary - Alberta : |bNational Energy Board |cMarch 2001. |
| 300 | |a53p.|btables |
| 490 | 1 |aReasons for decision|x1928-6414 |
| 500 | |aThe catalogue number (NE22-1/2001-4E) and ISBN (0-662-30794-1) for the print edition have been incorrectly copied in this electronic publication. |
| 590 | |a12-10-Supp|b2012-03-23 |
| 775 | 08|tDécision et ordonnance relativement à Trans Mountain Pipeline Company Ltd. : |w(CaOODSP)9.602966 |
| 776 | 0#|tTrans Mountain Pipeline Company Ltd. : |w(CaOODSP)9.615679 |
| 830 | #0|aReasons for decision (Canada. National Energy Board)|x1928-6414|w(CaOODSP)9.504480 |
| 856 | 40|ahttp://publications.gc.ca|qPDF|s432 KB|uhttps://publications.gc.ca/collections/collection_2011/one-neb/NE22-1-2001-4-eng.pdf |